| 000 | 00843nac a22002777a 4500 | ||
|---|---|---|---|
| 001 | BR7400486 | ||
| 003 | BR-BrBNA | ||
| 005 | 20240105113744.0 | ||
| 008 | 230509b bl.|||m| |||| 00| 0 por d | ||
| 040 |
_aBR-BrBNA _bpor _cBiblioteca Nacional de Agricultura |
||
| 072 | _aD50; E70 | ||
| 090 | _a8930 BR7400486 | ||
| 110 | 1 |
_aServico de Economia Rural, Rio de Janeiro, GB (Brasil); _99315 |
|
| 110 | 1 | _aServico de Informacao Agricola, Rio de Janeiro, GB (Brasil) | |
| 245 | 1 | _aFibras (Legislacao vigente) | |
| 260 | 3 |
_aRio de Janeiro, GB (Brasil): _c1948. |
|
| 300 | _a25 p. | ||
| 490 |
_aSIA (Brazil) _vno. 716 _x |
||
| 650 | _aLegislacao | ||
| 650 | _aComercializacao | ||
| 650 | _aFibra | ||
| 650 | _aControle de qualidade | ||
| 650 | _aExportacao | ||
| 909 |
_a202312 _bLúcia Elande _c55 _dLúcia Elande |
||
| 942 |
_2AGRIS _n0 _cMS |
||
| 999 |
_c265381 _d265381 |
||